Statistics for General Knowledge questions 3

Click here to take the quiz!

General Stats

  • This quiz has been taken 45 times
  • The average score is 7 of 8

Answer Stats

QuestionAnswer% Correct
How many years in a decade?10
100%
How many seconds in 3 minutes180
97%
Write the number six hundred and fifty eight in figures?658
97%
What colour is a Jade?Green
97%
Name one of the members in the beatles.John Lennon/ Paul Mccartney/ Ringo Starr/ George Harrison
97%
Name the planet that is not currently one but was one in 2005?Pluto
89%
Complete the name of the landmark ---------- Gate?Brandenburg
65%
What type of rock is LimestoneSedimentary
51%

Score Distribution

Percentile by Number Answered

Percent of People with Each Score

Your Score History

You have not taken this quiz